[Event "100 years Romania 2018"]
[Site "Alba Iulia"]
[Date "2018.11.15"]
[Round "5"]
[White "Svetushkin, Dmitry"]
[Black "Soltanici, Ruslan"]
[Result "1/2-1/2"]
[WhiteElo "2605"]
[BlackElo "2387"]
[Annotator "TA"]
[PlyCount "101"]
[EventDate "2018.11.12"]
[EventType "swiss"]
[EventCountry "ROU"]
[SourceTitle "playchess.com"]
[Source "ChessBase"]
[SourceQuality "1"]

{[%evp 27,101,0,53,60,57,51,60,48,66,40,41,44,47,14,18,0,0,0,0,0,25,13,12,18,21,12,12,3,18,12,39,12,12,10,14,9,18,8,7,0,0,0,0,0,0,-4,-8,-60,-60,-60,-58,-70,-70,-70,-70,-70,-72,-70,-70,-145,-128,-129,-133,-145,-104,-105,-66,-66,-66,-66,-8,-8,-8,-71,-71,-69]} 1. e4 e6 2. d4 d5 3. Nc3 Bb4 4. e5 Ne7 5. a3 Bxc3+ 6. bxc3 c5 7. a4 Qc7 8. Nf3 h6 9. Bb5+ Bd7 10. Bd3 Nbc6 11. Ba3 b6 12. O-O Na5 13. Nd2 {C19: French: 3 Nc3 Bb4: Main line: 7 Nf3 and 7 a4} O-O 14. Qg4 f5 {LiveBook: 3 Games} (14... Rfe8 $11) 15. exf6 $14 {White is slightly better.} Rxf6 16. Qg3 Rc8 17. dxc5 bxc5 18. c4 Nf5 {[%cal Be7f5,Bf5d4,Bd4c2][%mdl 32]} 19. Qxc7 Rxc7 20. Rfe1 Nd4 $146 ({Predecessor:} 20... dxc4 21. Nxc4 Nxc4 22. Bxc4 {½-½ (30) Svetushkin,D (2575)-Drasko,M (2440) Cetinje 2016}) 21. Ra2 (21. Bb2 {keeps more tension.} Nxc4 22. Nxc4 dxc4 23. Bxc4 Rf4 24. Bxd4 Rxd4 25. Bxe6+ Bxe6 26. Rxe6 Rd2 27. Rc1) 21... Nxc4 22. Nxc4 dxc4 23. Bxc4 Bxa4 24. Bxc5 Rxc5 25. Rxa4 Nxc2 26. Re4 a5 27. f4 Kh7 28. Re5 Rc7 29. Bd3+ g6 30. Rexa5 Ne3 31. g3 Kg7 32. Ra6 g5 33. Rd4 gxf4 34. gxf4 Nf5 35. Re4 Rd7 36. Bc2 Rd2 37. Ra7+ (37. Bb3 $11) 37... Rf7 $15 38. Rxf7+ Kxf7 {[%mdl 4096] Endgame KRB-KRN} 39. Rc4 Ne3 40. Rc7+ Kf6 41. Be4 Rd4 42. Bf3 Rxf4 43. Kf2 {[#]} ({White should play} 43. Rc8 $15) 43... Nf5 $1 $17 {Strongly threatening ...e5.} 44. Kg2 e5 {[%cal Be6e5,Be5e4,Be4e3][%mdl 32]} 45. Be2 e4 {Hoping for ...e3.} 46. h3 e3 47. Bg4 $1 Nd4 {...Rf2+ is the strong threat.} 48. Rh7 $1 Kg6 ({Better is} 48... Re4 $15 49. Rxh6+ Kg5) 49. Re7 $11 h5 50. Bxh5+ (50. Rxe3 $11 hxg4 51. Rg3) 50... Kxh5 $17 51. Rxe3 {Precision: White = 44%, Black = 69%.} 1/2-1/2

[Event "100 years Romania 2018"]
[Site "Alba Iulia"]
[Date "2018.11.15"]
[Round "5"]
[White "Istratescu, Andrei"]
[Black "Stoleriu, George"]
[Result "1/2-1/2"]
[WhiteElo "2565"]
[BlackElo "2362"]
[Annotator "TA"]
[PlyCount "86"]
[EventDate "2018.11.12"]
[EventType "swiss"]
[EventCountry "ROU"]
[SourceTitle "playchess.com"]
[Source "ChessBase"]
[SourceQuality "1"]

{[%evp 29,86,46,48,8,8,11,11,0,5,0,4,0,15,15,15,15,15,15,16,4,8,4,6,0,8,0,7,0,0,0,0,0,0,0,0,0,0,0,0,0,0,0,0,-8,0,0,0,0,0,0,-4,0,0,0,0,0,0,0,0]} 1. Nf3 Nf6 2. c4 e6 3. g3 b6 4. Bg2 Bb7 5. O-O c5 6. Nc3 Be7 7. d4 cxd4 8. Qxd4 Nc6 9. Qf4 Qb8 10. Rd1 O-O 11. b3 Rd8 12. Qxb8 Raxb8 13. Bf4 Rbc8 14. Bd6 {A30: Symmetrical English: Double Fianchetto and Hedgehog} Kf8 15. Nb5 Ne8 {LiveBook: 3 Games} 16. Ng5 {White is slightly better.} Nxd6 {The position is equal.} 17. Nxd6 Bxd6 18. Rxd6 {[#]} Ke7 $146 ({Predecessor:} 18... h6 19. Ne4 Na5 20. Rad1 Bxe4 21. Bxe4 Ke7 22. f4 Rc7 23. Kf2 {½-½ (23) Espig,L (2455)-Gipslis,A (2505) Berlin East 1988}) 19. Rad1 h6 20. Ne4 Na5 21. Nc3 Bxg2 22. Kxg2 Rc6 23. R6d3 Nb7 24. e4 Rd6 25. Rxd6 Nxd6 $11 {[%mdl 4096] Endgame KRN-KRN} 26. Kf3 Rc8 27. e5 Nb7 28. Ke3 d5 29. exd6+ Nxd6 30. Ne4 Nxe4 31. Kxe4 {KR-KR} Rc7 32. Ke3 Rc8 33. h4 h5 34. Rd4 f6 35. Kd3 g5 36. Ke3 Rc5 37. hxg5 fxg5 38. f3 Re5+ 39. Kf2 Ra5 40. Rd2 Re5 41. Rd1 Ra5 42. Rd2 Re5 43. Rd1 Ra5 {Precision: White = 52%, Black = 80%.} 1/2-1/2

[Event "100 years Romania 2018"]
[Site "Alba Iulia"]
[Date "2018.11.15"]
[Round "5"]
[White "Marin, Mihail"]
[Black "Filip, Lucian-Ioan"]
[Result "1/2-1/2"]
[WhiteElo "2555"]
[BlackElo "2432"]
[Annotator "TA"]
[PlyCount "101"]
[EventDate "2018.11.12"]
[EventType "swiss"]
[EventCountry "ROU"]
[SourceTitle "playchess.com"]
[Source "ChessBase"]
[SourceQuality "1"]

{[%evp 20,101,0,6,29,18,40,20,44,37,32,30,50,49,56,47,36,45,44,0,0,0,0,0,0,-4,-5,-7,-7,-5,0,0,0,0,0,0,0,0,0,0,0,0,0,0,0,0,0,0,0,0,0,0,0,0,0,0,0,0,0,0,0,0,0,0,0,0,0,0,0,0,0,0,0,0,0,0,0,0,0,0,0,0,0,0]} 1. c4 Nf6 2. g3 c6 3. Bg2 d5 4. Nf3 Bf5 5. cxd5 cxd5 6. Qb3 Bc8 {A11: English Opening: 1...c6} (6... Nc6 7. Qxb7 Bd7 8. Qb3 e5 9. O-O e4 10. Ne1 Rb8 11. Qd1 h5 12. d3 h4 13. Bf4 hxg3 14. Bxg3 {½-½ (23) Artemiev,V (2697)-Petrosian,T (2589) Moscow 2018}) 7. Nc3 Nc6 8. d3 e6 9. O-O Be7 10. Bf4 O-O 11. Rac1 {LiveBook: 3 Games} Na5 12. Qc2 Bd7 13. a3 $146 ({Predecessor:} 13. Qb1 Nc6 14. a3 {1-0 (33) Cheng,B (2395)-Gonzalez,R (2451) chess.com INT 2017}) 13... Rc8 14. b4 Nc6 15. Qb2 Nh5 16. Bd2 Nf6 17. e4 dxe4 18. dxe4 Ng4 19. Bf4 g5 $1 {[%cal Rg5f4] The position is equal.} 20. Bd2 $1 Nge5 {[#] aiming for ...Nd3.} 21. Nxe5 Nxe5 22. Nd5 Nc4 23. Nxe7+ Qxe7 24. Qa2 Nxd2 25. Qxd2 e5 26. Qe3 b6 27. Bf3 Rxc1 28. Rxc1 {[#] Rc7 is the strong threat.} Rc8 29. Rxc8+ Bxc8 30. Kg2 h6 31. h3 Be6 32. Qc3 f6 33. Bg4 Bxg4 34. hxg4 $11 {[%mdl 4096] Endgame KQ-KQ} Qd7 35. Qc4+ Kg7 36. Qe2 Qd4 37. Qc2 Qd7 38. Kf3 b5 39. Qb3 a6 40. Qd5 Qc7 41. Kg2 Qc2 42. Qd7+ Kg6 43. Qb7 Qe2 44. Qc6 Kg7 45. Qd7+ Kg6 46. Qe8+ Kg7 47. Qe7+ Kg6 48. Qe8+ Kg7 49. Qd7+ Kg6 50. Qc6 Kg7 51. Qd7+ {Precision: White = 84%, Black = 71%.} 1/2-1/2

[Event "100 years Romania 2018"]
[Site "Alba Iulia"]
[Date "2018.11.15"]
[Round "5"]
[White "Manolache, Marius"]
[Black "Shishkin, Vadim"]
[Result "1/2-1/2"]
[WhiteElo "2518"]
[BlackElo "2456"]
[Annotator "TA"]
[PlyCount "236"]
[EventDate "2018.11.12"]
[EventType "swiss"]
[EventCountry "ROU"]
[SourceTitle "playchess.com"]
[Source "ChessBase"]
[SourceQuality "1"]

{[%evp 25,236,5,7,-9,25,0,0,0,0,0,9,-3,87,95,97,92,81,90,95,84,102,89,92,88,161,89,92,56,75,81,165,114,101,101,173,168,228,232,446,446,446,446,472,-655,-665,-665,-640,-663,-646,-733,-638,-606,-560,-505,-462,-548,-462,-462,-443,-458,-447,-548,-455,-441,0,-539,-518,-502,-541,-557,-557,-557,-557,-555,-452,-419,-419,-441,-419,-569,-566,-551,-551,-608,-608,-608,-608,-608,-606,-593,-584,-581,-569,-569,-569,-569,-569,-569,-557,-557,-557,-541,-443,-569,-569,-569,-569,-569,-569,-569,-569,-569,-569,-569,-419,-419,-419,-29967,-29964,-29961,-29959,-5416,-419,-419,-419,-29979,-419,-419,-419,-29979,-419,-419,-419,-419,-419,-419,-419,-419,-419,-419,-419,-419,-419,-419,0,-419,-419,-419,-419,-419,-419,-419,-419,-419,-419,-419,-419,-419,-419,-419,-419,-419,-419,-419,-419,-419,-419,-419,-419,-419,0,-419,0,-419,-419,-419,-419,-419,-419,-419,-419,-419,-419,-412,-412,-412,0,-419,0,-419,0,-419,0,-419,0,-405,-8,-8,0,-8,-8,-8,-8,-8,-8,-8,-8,-8,0,-8,-8,-8,0]} 1. d4 Nf6 2. Bf4 g6 3. e3 Bg7 4. Nf3 O-O 5. Be2 d6 6. h3 c5 7. O-O b6 8. a4 a6 9. Nbd2 Bb7 10. c3 Nbd7 11. Bh2 Ra7 12. Re1 {A48: 1 d4 Nf6 2 Nf3 g6: Torre, London and Colle Systems} (12. Qb1 Qa8 13. Bd3 cxd4 14. cxd4 Nd5 15. Rc1 Nb4 16. Bf1 Nf6 17. Ra3 Bd5 18. Bc4 Bc6 19. Bf1 Bd5 {1-0 (56) Ivanchuk,V (2713)-Wagner,D (2566) Batumi 2018}) 12... Qa8 13. Bf1 Ne4 {LiveBook: 7 Games} 14. Nc4 Bd5 15. Nfd2 $146 ({Predecessor:} 15. Na3 Bc6 16. Nc2 Nef6 17. Nd2 Rc8 18. f3 Rac7 19. Na3 {½-½ (19) Roy Chowdhury,S (2421)-Kunte,A (2535) Calicut 2003}) 15... Nxd2 16. Qxd2 Rc8 {aiming for ...cxd4.} 17. b3 Bc6 18. a5 cxd4 (18... b5 $11 {keeps the balance.} 19. d5 (19. Nb6 Nxb6 20. axb6 Rb7 $11) 19... bxc4 20. dxc6 Qxc6) 19. exd4 $16 b5 20. Nb6 Nxb6 21. axb6 Rb7 22. c4 $1 bxc4 23. bxc4 ({Reject} 23. Bxc4 $6 Rxb6 24. Rxe7 d5 $11) 23... Rxb6 24. Rxe7 Bb7 (24... Bf6 $16 25. Ree1 (25. Bxd6 Bd5 $14) 25... Bb7) 25. Qf4 (25. Rae1 $18) 25... Rf8 26. Bg3 Qc8 27. Rc1 $36 {[%mdl 2048] White is really pushing.} Ba8 (27... a5 $16 {is a better defense.}) 28. c5 ({White should try} 28. d5 $18) 28... dxc5 29. dxc5 Rc6 (29... Re6 $16 30. Rxe6 Qxe6) 30. Qc4 $18 Qf5 (30... Bb7 {was called for.} 31. Qb4 Ba8) 31. Bd6 $1 Rfc8 $2 (31... Rcc8 32. Qc2 (32. Qxa6 Bd4 $16) 32... Qg5) 32. Rce1 Bf8 {...Rxd6 is the strong threat.} 33. Re8 Rxd6 34. cxd6 $4 {[%mdl 8192]} (34. Rxc8 $18 Bd5 35. Qd4 Qxc8 36. cxd6) 34... Rxc4 $19 35. Bxc4 Bc6 36. Rb8 Kg7 37. Rd1 a5 38. Bf1 Qd7 39. Rb2 a4 40. Rbd2 h5 41. Bc4 g5 42. Ba2 Kg6 43. Bb1+ Kf6 44. Ba2 Kg6 45. Bb1+ $1 Kh6 46. Ba2 Bg7 47. Bxf7 Qxf7 48. d7 Bxd7 49. Rxd7 Qb3 50. R1d6+ Kh7 51. Ra6 a3 52. Raa7 Qb1+ 53. Kh2 Qb2 54. Rxg7+ Qxg7 55. Rxa3 {[%mdl 4096] Endgame KQ-KR} Qe5+ 56. g3 Qb2 57. Ra7+ Kg6 58. Kg2 Kf6 59. Ra6+ Ke7 60. Ra7+ Kd6 61. Ra6+ Kc7 {Hoping for ...Qb7+.} 62. Ra7+ Kb6 63. Re7 Kc5 64. h4 gxh4 65. gxh4 Qd4 66. Re3 Qxh4 67. Kg1 Kd4 68. Kg2 Qg5+ 69. Kh1 h4 70. Kh2 Qg4 71. Ra3 (71. Rh3 $19) 71... Qf4+ 72. Kg2 Qg5+ 73. Kh2 Ke4 (73... Qf6 $142 {( -> ...Qd6+)} 74. Kg2 Qc6+ 75. Kh3 Ke5) 74. Re3+ Kf4 75. Ra3 (75. Kh1 $19) 75... Qc5 (75... Qb5 $142 76. Kg2 Qc6+ 77. Kh2 Qc1 78. Ra6 Qc5 79. Ra1 Qxf2+ 80. Kh1 Qf3+ 81. Kh2 Qg3+ 82. Kh1 Qb3 83. Kg1 h3 84. Ra6 Qg3+ 85. Kf1 Qd3+ 86. Ke1 Qxa6 87. Kd2 h2 88. Kc3 h1=Q 89. Kd4 Qc1 90. Kd5 Qcc4#) 76. Re3 Qd5 77. Ra3 (77. Kg1 $19) 77... Kg4 (77... Qc4 $142 78. Kg2 Qc6+ 79. Kh2 Qc1 80. Ra7 Qc4 81. Ra3 Kg4 82. Kg2 Qc6+ 83. f3+ Kf4 84. Ra2 h3+ $1 {[%mdl 512]} 85. Kf2 Qb6+ 86. Ke2 Qe6+ 87. Kd2 Qxa2+ 88. Kd3 h2 89. Kc3 h1=R 90. Kb4 Rc1 91. Kb5 Qb3+ 92. Ka6 Ra1#) 78. Re3 Qb7 79. Rh3 Qc7+ 80. Kg2 Qc6+ 81. Kh2 Qd6+ 82. Kg2 Qd5+ 83. Kh2 Kg5 84. Re3 Kf4 $2 (84... Qc4 $19 85. Kg2 Qd5+ 86. Kg1 Kg4) 85. Rh3 $2 {[%mdl 8192]} (85. Ra3 $1 $11 Qd1 86. Kg2) 85... Qd1 86. Kg2 Qg4+ 87. Kh2 Qg7 88. Re3 Qb7 89. Rh3 Qb8 90. Re3 Qc8 91. Kg2 Qa6 92. Rh3 Qa8+ 93. Kh2 Ke4 94. Re3+ Kd4 95. Rh3 Qc8 96. Re3 Qf5 97. Kg2 Qg5+ 98. Kh2 $1 Qg4 $2 (98... Qb5 $19 99. Kg1 Qb1+ 100. Kg2 Qf5) 99. Rh3 $2 {[%mdl 8192]} (99. Ra3 $11 {and White is okay.} Qf4+ 100. Kg2 Qe4+ 101. Kh2) 99... Ke5 100. Re3+ Kf5 101. Rh3 Kg5 102. Re3 Qd7 103. Kg2 Qh7 104. Kh2 Kg4 105. Rh3 Qc7+ 106. Kg2 Qc6+ 107. Kh2 $1 Qd5 108. Re3 Kf4 109. Rh3 Qg5 $2 (109... Ke5 $19 110. Rxh4 Qf3) 110. Re3 $2 {[%mdl 8192] [#]} (110. Ra3 $11 {and White stays safe.} Qb5 111. Kg2) 110... Qb5 $2 (110... Kf5 $1 $19 {[%cal Rf5f4]} 111. Rf3+ Kg4) 111. Kg2 $11 {The position is equal.} Qa6 112. Rh3 Kg4 113. Re3 Qc4 114. Rh3 $1 Qc7 115. Re3 $1 Qb7+ 116. Kh2 $1 Qh7 117. Rh3 $1 Qh6 118. Kg2 Qc6+ {Precision: White = 54%, Black = 57%.} 1/2-1/2

[Event "100 years Romania 2018"]
[Site "Alba Iulia"]
[Date "2018.11.15"]
[Round "5"]
[White "Tilicheev, Viacheslav"]
[Black "Moiseenko, Vadim"]
[Result "0-1"]
[WhiteElo "2509"]
[BlackElo "2491"]
[Annotator "TA"]
[PlyCount "132"]
[EventDate "2018.11.12"]
[EventType "swiss"]
[EventCountry "ROU"]
[SourceTitle "playchess.com"]
[Source "ChessBase"]
[SourceQuality "1"]

{[%evp 12,132,42,34,38,31,45,12,22,23,7,10,17,0,20,14,30,20,31,10,43,21,17,0,15,0,4,-40,-39,0,-17,-38,-30,-25,-14,-22,-42,0,43,70,79,0,0,-118,-78,-83,-85,-86,-61,-61,-62,-72,-75,-94,-68,-129,-129,-129,-122,-121,-108,-112,0,-105,0,-121,-49,-123,-122,-212,-56,-86,-49,-49,-49,-49,-49,-74,-49,-49,-49,-49,-49,-49,-49,-49,-49,-49,-49,-79,0,0,0,0,0,0,0,0,0,0,0,-1600,254,-5740,-5489,-29985,-29986,-29986,-29986,-29986,0,-29986,0,-29985,-29986,-29986,-29987,-29989,-29990,-29990,-29989,-29989,-29990]} 1. e4 e5 2. Nf3 Nc6 3. Bc4 Nf6 4. d3 Bc5 5. O-O d6 6. c3 Bb6 7. a4 {LiveBook: 75 Partien} Be6 {C54: Italienische Partie (Hauptvariante)} (7... a5 8. Na3 Ne7 9. Ba2 c6 10. Nc4 Bc7 11. Bg5 Ng6 12. Nh4 Nf4 13. Bxf4 exf4 14. Nf3 O-O 15. e5 dxe5 16. Ncxe5 {1-0 (37) Areshchenko,A (2678)-Granda Zuniga,J (2646) Germany 2016 CBM 176 [Meyer,CD]}) 8. Na3 a6 9. Ng5 Qd7 $146 {Die Stellung ist ausgeglichen.} ({Vorgänger:} 9... Bxc4 10. Nxc4 Ba7 11. Qb3 Qd7 12. Qxb7 O-O 13. Qb3 d5 14. Ne3 h6 15. exd5 {1-0 (52) Zambrana,O (2429)-Wolferink,F (2141) Vlissingen 2006}) 10. Nxe6 fxe6 11. Bg5 O-O 12. b4 Ne7 13. Bb3 d5 14. Nc2 c6 15. Qe2 Ng6 16. g3 a5 17. h4 {[%cal Bh2h4,Bh4h5][%mdl 32]} Rf7 18. h5 Ne7 19. Kg2 h6 20. Bxf6 Rxf6 21. Ne3 axb4 22. Ng4 bxc3 23. Nxf6+ gxf6 24. f4 $1 Qd6 25. Rae1 Kh8 26. Qg4 (26. fxe5 $16 Qxe5 27. Qf3) 26... exf4 $11 27. Rxf4 (27. Qxf4 $11 Qxf4 28. Rxf4 dxe4 29. Rexe4) 27... e5 $36 {[%mdl 2048] Weiss muss aufpassen.} 28. Rff1 Rg8 29. Qf3 Rf8 30. g4 Bd4 31. Qd1 b6 32. Qc1 Kh7 33. Kh3 (33. Qd1 $15) 33... Rg8 $17 34. Re2 Qe6 35. Rg2 Rg5 {Droht ...Txh5+ und aus.} 36. Kh4 Rg8 ({Günstiger ist} 36... Qf7 $17 37. Qd1 Rg8) 37. Rf5 (37. Kh3 $11) 37... Rg5 ({Besser ist} 37... Qf7 $17 38. Rf1 Qe6) 38. Rf3 (38. Rf1 $11 {war der einzige Weg, das Gleichgewicht zu behalten.}) 38... Rg7 (38... Qf7 $1 $17 39. Qf1 Kg7) 39. Rf5 (39. Rgg3 $15) 39... Qd6 40. Rf3 {[#]} (40. Rf1 $17) 40... Rg8 $2 (40... f5 $1 $19 {[%mdl 512]} 41. exf5 e4 42. dxe4 dxe4) 41. Rgg3 Rg5 42. Qf1 Kg7 43. Qg2 Qa3 44. Bc2 Qc5 45. Qe2 Ng8 46. Rf1 Kh7 47. Rgf3 Rg7 48. Kh3 Rf7 49. Rf5 Kg7 50. Qf3 dxe4 ({Lieber} 50... Rf8 $1 $17) 51. dxe4 $11 {Und weiter mit g5! wäre nett.} Be3 52. Bb3 Rf8 $1 53. Bxg8 Kxg8 54. Rxf6 Bf4 55. Rg6+ $1 Kh7 {Droht stark ...Dc4.} 56. Qd3 $2 {[%mdl 8192] [#]} (56. g5 $11 c2 57. Rxh6+ Kg7 58. Rg6+ Kh8 59. Rh6+ Kg7 60. Rg6+ Kh8 61. Rh6+ Kg7) 56... Rf7 $4 {[%mdl 8192]} (56... Rd8 $1 $19 {[%cal Rd8d3][%mdl 512] und Schwarz kann entspannen.} 57. Qf3 (57. Qxd8 Qe3+) 57... Rd2) 57. Rf3 $4 {[%mdl 8192] [#]} (57. Kg2 $18) 57... Qg1 $1 $19 {[%csl Gf4][%cal Rg1h2]} ({Nicht} 57... c2 58. Qd8 $11) 58. g5 hxg5 59. Rxf4 Qh1+ 60. Kg3 Qg1+ 61. Kh3 $1 Qh1+ 62. Kg3 exf4+ {Schwarz setzt Matt.} 63. Kf2 Qh2+ 64. Kf1 f3 65. Rxg5 Qh3+ 66. Kf2 Qh4+ {Precision: Weiß = 40%, Schwarz = 51%.} 0-1

[Event "100 years Romania 2018"]
[Site "Alba Iulia"]
[Date "2018.11.14"]
[Round "5"]
[White "Visakh N R"]
[Black "Vaishali R"]
[Result "1-0"]
[WhiteElo "2489"]
[BlackElo "2346"]
[Annotator "TA"]
[PlyCount "37"]
[EventDate "2018.11.12"]
[EventType "swiss"]
[EventCountry "ROU"]
[SourceTitle "playchess.com"]
[Source "ChessBase"]
[SourceQuality "1"]

{[%evp 21,37,77,87,1,34,0,10,-10,118,119,256,261,272,262,260,189,315,307]} 1. d4 Nf6 2. c4 e6 3. Nf3 d5 4. Nc3 dxc4 5. e3 a6 6. Bxc4 b5 7. Bb3 Bb7 8. O-O c5 {[%cal Bc7c5,Bc5c4][%mdl 32]} 9. e4 {D27: Angenommenes Damengambit (Hauptvariante 7.e4, 7.a4)} (9. dxc5) 9... Nxe4 10. Nxe4 Bxe4 11. Re1 Bd5 {[#] LiveBook: 4 Partien} 12. Bg5 $146 (12. dxc5 $1 $16 Bxb3 13. Qxb3) ({Vorgänger:} 12. dxc5 Bxb3 13. Qxb3 Be7 14. a4 O-O 15. Be3 bxa4 16. Qb7 Nd7 {1-0 (36) Li,R (2394)-Krush,I (2470) Khanty-Mansiysk 2012}) 12... Bxb3 $11 13. Qxb3 c4 $1 {Und weiter mit ...Dxg5 wäre nett.} 14. Qc2 Be7 {[#]} (14... Qd5 $11) 15. d5 $1 $16 {[%cal Rd5e6]} Qxd5 (15... Bxg5 $16 16. dxe6 f6) 16. Bxe7 $18 Kxe7 17. Rad1 Qc5 18. Ne5 {Df5! ist eine echte Drohung.} Ra7 {[#]} (18... f6 {war angesagt.}) 19. Qf5 $1 {[%mdl 512]} 1-0

[Event "100 years Romania 2018"]
[Site "Alba Iulia"]
[Date "2018.11.15"]
[Round "5"]
[White "Omelja, Artem"]
[Black "Harutjunyan, Gevorg"]
[Result "1/2-1/2"]
[WhiteElo "2453"]
[BlackElo "2470"]
[Annotator "TA"]
[PlyCount "110"]
[EventDate "2018.11.12"]
[EventType "swiss"]
[EventCountry "ROU"]
[SourceTitle "playchess.com"]
[Source "ChessBase"]
[SourceQuality "1"]

{[%evp 28,110,13,17,80,79,102,94,92,86,88,87,81,94,124,33,107,106,118,108,137,150,135,131,140,158,137,140,134,69,72,68,85,65,74,61,82,63,54,58,60,37,47,0,51,63,58,0,35,0,10,0,0,-7,-7,-14,-10,-12,0,0,0,-158,-128,-385,-395,-362,-332,-292,-320,-306,-247,-246,-228,-141,0,0,0,0,0,0,0,0,0,0,0]} 1. d4 Nf6 2. c4 g6 3. Nc3 Bg7 4. e4 d6 5. Nf3 O-O 6. Be2 e5 7. O-O exd4 8. Nxd4 Re8 9. f3 c6 10. Kh1 Nbd7 11. Bg5 Qb6 12. Nb3 a5 13. Qd2 a4 14. Be3 Qd8 {E94: Königsindisch (Klassisches System)} 15. Nd4 {[%cal Bb3d4,Bd4c2,Bc2a3][%mdl 32] [#] LiveBook: 32 Partien} Ra5 $146 (15... Nc5 $11 {hält das Gleichgewicht.}) ({Vorgänger:} 15... Nc5 16. Rab1 Nh5 17. g4 Nf6 18. Rg1 Qe7 19. Rg2 h5 20. Nf5 Bxf5 21. gxf5 Nfxe4 22. fxe4 Nxe4 {1-0 (53) Goganov,A (2571)-Mogranzini,R (2501) Antalya 2017}) 16. Rad1 $16 Ne5 {Weiß steht besser.} 17. Nc2 Be6 18. Na3 Nfd7 19. f4 Ng4 20. Bg1 Qh4 21. Qe1 (21. Ncb5 $16 Rxb5 22. cxb5) 21... Qe7 (21... Qxe1 $14 22. Rfxe1 Bf8) 22. Ncb5 Rxb5 23. cxb5 Ngf6 24. bxc6 bxc6 25. Qb4 $1 Bxa2 26. Qxd6 Qxd6 27. Rxd6 Rxe4 28. Bf3 (28. Bd3 $16 Re6 29. Rxe6 Bxe6 30. Bc2) 28... Rxf4 $14 29. Rfd1 Bd5 30. Bxd5 cxd5 31. Nc2 h5 32. g3 {[%mdl 1024] Weiss hat starke Kompensation.} Re4 33. Re1 Rc4 34. Ne3 Re4 35. Nc2 Rc4 $1 {[%cal Rc4c2]} 36. Nd4 Bf8 37. Ra6 (37. Rc6 $1 $14) 37... Ne4 (37... Bc5 $5 {[%cal Rc5d4]} 38. Nf3 Kg7 $11) 38. Rd1 Ne5 39. Ra8 Kg7 40. Ne2 Nf3 41. Rc1 (41. Rxd5 Nxg1 42. Kxg1 Rc2) 41... Rb4 $36 {[%mdl 2048] Schwarz hat gut koordiniertes Spiel.} 42. Rc2 $1 d4 {Droht ...d3 und aus.} 43. Nc1 $1 Bd6 44. Re2 $2 ({Günstiger ist} 44. Nd3 $11 Rb3 45. Nc1) 44... f5 45. Rd8 $2 {[%mdl 8192] [#]} (45. Rc2 $17 {war angesagt.}) 45... a3 $1 $19 {[%mdl 512]} 46. b3 (46. bxa3 Rb1) 46... Nxg1 47. Kxg1 {[#]} d3 $1 {[%mdl 512]} 48. Nxd3 Rxb3 49. Nf4 Rb1+ 50. Kg2 {[#]} Rb2 ({Besser ist} 50... h4 $1 $17 {[%mdl 512] zielt auf ...g5 ab.} 51. Rd7+ (51. gxh4 Bxf4) 51... Kh6 52. Rxe4 fxe4 53. Rxd6 a2 54. Rxg6+ Kh7) 51. Rd7+ $11 {Die Stellung ist ausgeglichen.} Kf6 {Und weiter mit ...Lxf4 wäre nett.} 52. Rxb2 $1 axb2 53. Rb7 {[#]} h4 $1 {[%mdl 512]} 54. Rxb2 (54. gxh4 Bxf4) 54... hxg3 55. hxg3 Nxg3 {Precision: Weiß = 58%, Schwarz = 62%.} 1/2-1/2

[Event "100 years Romania 2018"]
[Site "Alba Iulia"]
[Date "2018.11.15"]
[Round "5"]
[White "Banzea, Alexandru-Bogdan"]
[Black "Levin, Evgeny A."]
[Result "0-1"]
[WhiteElo "2313"]
[BlackElo "2523"]
[Annotator "TA"]
[PlyCount "80"]
[EventDate "2018.11.12"]
[EventType "swiss"]
[EventCountry "ROU"]
[SourceTitle "playchess.com"]
[Source "ChessBase"]
[SourceQuality "1"]

{[%evp 19,80,0,0,0,0,0,21,8,8,8,25,22,56,-6,-18,-10,-6,-29,-22,-29,-32,-48,-35,-32,-24,-59,-28,-28,-28,-28,-28,-28,-28,-32,-25,-25,-8,-5,-6,-70,-88,-88,-72,-105,-105,-212,-172,-203,-217,-224,-225,-478,-478,-419,-232,-704,-703,-703,-703,-677,-677,-676,-624]} 1. e4 c5 2. Nf3 d6 3. Bb5+ Nd7 4. c3 a6 (4... Ngf6 5. Qe2 a6 6. Ba4 b5 7. Bc2 Bb7 8. d4 e6 9. O-O Be7 10. Nbd2 O-O 11. e5 Nd5 12. Ne4 Qc7 13. exd6 Bxd6 14. Nxd6 Qxd6 15. dxc5 Qxc5 {½-½ (58) Kovalev,V (2648)-Grandelius,N (2652) Sharjah 2018}) 5. Bd3 Ngf6 6. Bc2 {B51: Sicilian: Moscow Variation (3 Bb5+) without 3...Bd7} c4 7. Qe2 b5 8. a4 Bb7 9. axb5 axb5 10. Rxa8 Qxa8 {LiveBook: 3 Games} 11. Na3 Bxe4 12. Nxb5 {And now Nc7+ would win.} Qb7 13. d3 $146 ({Predecessor:} 13. Ng5 Qxb5 14. Nxe4 Nxe4 15. Qxe4 {½-½ (32) Arenas Vanegas,D (2496)-Ruiz Castillo,J (2399) Antioquia 2016}) 13... cxd3 14. Bxd3 e6 15. Bxe4 Nxe4 16. Nc7+ (16. Nfd4 $1 $14) 16... Qxc7 $11 17. Qxe4 Be7 18. O-O d5 19. Qe2 O-O 20. Rd1 Rb8 21. g3 Qb7 22. Ne5 Nf6 {[%cal Bd7f6,Bf6e4,Be4d6,Bd6f5,Bf5e3][%mdl 32]} 23. Nd3 Ne4 24. Be3 Ra8 25. Bd4 Bf8 26. Qc2 Qb5 27. Kg2 Rc8 28. Ra1 Nd6 29. f4 ({White should try} 29. Ra7 $11) 29... Nf5 $15 30. Ra4 g6 31. Bf2 {[#]} d4 $1 {[%mdl 512]} 32. c4 (32. Kg1 $17) (32. cxd4 Rxc2) 32... Qc6+ 33. Kg1 {[#]} Ne3 $1 34. Bxe3 dxe3 $40 {[%mdl 128] Black has strong attack.} 35. b3 $2 (35. Ra1) 35... Rd8 $19 36. Ra1 {[#]} e2 $1 {[%mdl 512]} 37. Qxe2 $2 {[#]} (37. Nf2 Qf3 38. c5) 37... Rxd3 $1 {[%mdl 512] Black is clearly winning.} 38. Qxd3 Bc5+ 39. Kf1 Qh1+ 40. Ke2 Qxa1 {Precision: White = 42%, Black = 58%.} 0-1